| 000 | 00958nam a2200217 a 4500 | ||
|---|---|---|---|
| 005 | 20210223121634.0 | ||
| 008 | 991125s1967 mx 000 0 spa u | ||
| 035 | _aUPN01000021455 | ||
| 049 | _aCG | ||
| 050 | 4 |
_aHB3741 _bE7.88 |
|
| 245 | 0 | 0 |
_aEstados Unidos ante su crisis : _bel problema de las prioridades nacionales : elecciones y consecuencias / _cSeymour Melman ... [et al.] ; tr. Carlos Gerhard. |
| 260 |
_aMéxico : _bSiglo XXI, _c1967. |
||
| 300 | _a197 p. | ||
| 440 | 0 | _aSociología y política | |
| 500 | _a"Esta edición comprende las ponencias presentadas en la reunión de la Columbia University, Nueva York, del 30 de septiembre al 1o. de octubre de 1966 Conference on National Prioritaries Poblem" | ||
| 650 | 4 |
_aCRISIS ECONOMICAS - _zESTADOS UNIDOS _911431 |
|
| 651 | 4 |
_aESTADOS UNIDOS - _xCONDICIONES ECONOMICAS _923002 |
|
| 651 | 4 |
_aESTADOS UNIDOS - _xCONDICIONES SOCIALES _923749 |
|
| 700 | 1 |
_aMelman, Seymour, _ecoaut. |
|
| 905 | _aLibro | ||
| 999 |
_c21455 _d21455 |
||